| 000 | 01000nas a2200313 4500 | ||
|---|---|---|---|
| 001 | BR2017001475 | ||
| 003 | BR-BrBNA | ||
| 005 | 20231205130945.0 | ||
| 007 | ta | ||
| 008 | 230509b bl.|||p| |||| 00| 00por d | ||
| 040 |
_aBR-BrBNA _bpor _cBiblioteca Nacional de Agricultura |
||
| 041 | _a(Pt) | ||
| 072 | _aP33; F04 | ||
| 100 | 1 | _aMenezes, J.S. | |
| 100 | 1 | _aSilva, M.P. da | |
| 100 | 1 | _aCarrijo, I.P. | |
| 100 | 1 | _aReis, A.C.P. dos | |
| 100 | 1 | _aHemielewski, L.S. | |
| 245 | 1 | _aNitrogênio na água percolada em solo adubado com dejetos líquidos de suínos e adubo mineral na cultura da soja | |
| 650 | _aSOJA | ||
| 650 | _aANÁLISE DO SOLO | ||
| 650 | _aNITROGÊNIO | ||
| 650 | _aÁGUA | ||
| 650 | _aADUBAÇÃO | ||
| 773 | 0 |
_tRevista Agrotecnologia (Brazil) _xISSN 2179-5959 _g(2017), v. 8(1) p. 31-38 _wBR2017001475 |
|
| 856 | 4 | 0 | _uhttp://www.revista.ueg.br/index.php/agrotecnologia/article/view/5228/pdf |
| 909 |
_a202311 _bLúcia _c55 _dLúcia Elande |
||
| 942 |
_2AGRIS _n0 _cANA |
||
| 999 |
_c252272 _d252272 |
||